| 000 | 00942cam a2200241 4500 | ||
|---|---|---|---|
| 001 | WB3717-30 | ||
| 008 | 000000n2001 000 0 eng u | ||
| 035 | _a(Sirsi) u112323 | ||
| 245 | _aFBTs prove their worth | ||
| 260 | _c2001 | ||
| 490 |
_aEstates Gazette _v(0117) 28 April 2001, 62(1) |
||
| 520 | _aFarm business tenancies, which allow shorter lettings, have been credited with reversing the decline in the volume of tenanted agricultural land in England and Wales, which rose by 15,378ha in the year to 31 October 2001, according to a Central Association of Agricultural Valuers survey. | ||
| 590 | _aWB | ||
| 650 | _aPROPERTY-LANDLORD AND TENANT-TENANCIES-AGRICULTURAL TENANCIES | ||
| 650 | _aCAAV | ||
| 650 | _aCAAV SURVEY | ||
| 650 | _aCENTRAL ASSOCIATION OF AGRICULTURAL VALUERS | ||
| 650 | _aFARM BUSINESS TENANCIES | ||
| 650 | _aTENANTED FARMS | ||
| 650 | _aTENANTED LAND | ||
| 690 | _aRURAL-MARKET | ||
| 942 | _n0 | ||
| 999 |
_c66859 _d66859 |
||